Quizlendrier de l'Avent #03 - Renne - Culture Générale - Statistiques

Statistiques générales
  • Ce quiz a été pris 117 fois
  • Le résultat moyen est 11 sur 20
Statistiques - réponses
Question Réponse % Correct
Organe osseux que le renne perd à l'automne Bois
93%
Personnage conduisant traditionnellement un traîneau tiré par un attelage de rennes Père Noël
93%
Pays comptant le plus de rennes sauvages Canada
92%
Les rennes sont d'ailleurs les seuls membres de leur famille dont les ... en portent également Femelles
78%
Renne fictif connu pour son nez rouge et lumineux Rudolphe
75%
Catastrophe nucléaire qui toucha les populations de rennes européennes, entraînant la mise à mort de nombreux individus Tchernobyl
71%
Nom donné au renne dans ce pays Caribou
69%
Famille de mammifères ruminants dont le renne fait partie Cervidé
62%
Peuple autochtone vivant notamment au Groenland dont les légendes racontent que les rennes auraient été "pondus" par la Terre Inuits
60%
Département français dans lequel se trouve la ville de Rennes, se signant exactement comme l'animal homonyme en LSF Ille-et-Vilaine
58%
Ancien pays qui utilisa des rennes pour approvisionner le front en nourriture et matériel durant la Seconde Guerre mondiale URSS
56%
Période de mise en concurrence des mâles dans le but de s'accoupler par la suite Rut
50%
Fidèle compagnon animal de Kristoff, dans La Reine des Neiges Sven
48%
Petit corps céleste à trajectoire ellipsoïdale donnantson nom à un des rennes de ce dernier Comète
46%
Organisme végétal symbiotique prépondérant dans l'alimentation du renne Lichen
31%
Manga dans lequel apparaît Tony-Tony Chopper, un personnage mi-renne mi-humain One Piece
28%
Pokémon ressemblant à un renne, mais dont le nom le rapproche d'un autre animal de cette famille Cerfrousse
27%
Terme désignant un groupe de rennes Harde
26%
Archipel antarctique français où le renne a été introduit dans les années 1950 Iles Kerguelen
19%
Film réalisé par Alain Chabat, en 2017, dans lequel le protagoniste "parle le renne" Santa et Cie
17%
Aucun quiz correspondant
Distribution des résultats
% des personnes avec chaque résultat
Percentile par nombre de réponses
Votre historique - résultats
Vous n’avez pas pris ce quiz